000 00760nam a2200241Ia 4500
001 52423
008 190906n ii |||gr||||Z||||||465
020 _a13:978-0-07-059369-5
082 _a005.133
100 _aGottfried , Byron S. .
245 0 _aProgramming With C /
_cByron S. Gottfried & Jitender Kumar Chhabra.
_hTextual Documents
250 _a2nd ed. / 4th edn /
260 _aNew Delhi :
_bTata McGraw-Hill Publishing Company Limited ,
_c2006.
300 _a14.34pg ; :
_bindex;
_c20cm.
653 _aprogramming
653 _aComputer science
653 _aDeptt- Computer science
653 _aG- Computer science
653 _aG-Computer science
653 _aProgramming With C
700 _aChhabra, Jitender Kumar .
942 _2ddc
_cBK
999 _c52387
_d52387